000 01140nam2a22002651 4500
001 v19\rc\1590602
005 20250618214222.0
035 _a(NLR Aleph) 004715271
090 _a4256579
_c4256579
100 _a20061002d1913 |||y0rusy50 ca
101 0 _arus
102 _aRU
105 _ay z |||||
200 1 _aПриложения...
_e(№№ 16-48)
210 _d1913
_aБ. м.
461 0 _1001v19\rc\1590571
_12001#$aОтчет по эксплоатации Юго-Восточных железных дорог...$fЮго-Восточные ж. д.$vза 1912 год. Приложения...
_94256170
_aЮго-Восточные ж. д. (до 1917 г.)
_cВоронеж
_d1894-1925
_fЮго-Восточные ж. д.
_tОтчет по эксплоатации Юго-Восточных железных дорог...
_vза 1912 год. Приложения...
801 0 _aRU
_bNLR
_gpsbo
801 0 _aRU
_bRuMoRGB
_2psbo
801 1 _aRU
_bProSoft-M
_2rusmarc
852 _aNLR
_j38.80.1.6(1912 прил.)
899 _aRuMoRGB (1893-1916*)
_jN 56/2
899 _aБАН (1896-1912*)
942 _cBOOK
980 _aNB